| 000 | 00585nam a2200193 i 4500 | ||
|---|---|---|---|
| 001 | bg | ||
| 100 | 1 | _aPIECH, Henryk | |
| 245 | 1 | 0 |
_aRealizacja metod eksperymentów statystycznych z wykorzystaniem stochastycznych urządzeń liczących / _cHenryk Piech. |
| 260 |
_aCzęstochowa : _bWydawnictwo PC, _c1987. |
||
| 490 | 1 |
_aMonografie ; _vnr 5 |
|
| 650 | 9 |
_aStatystyka _xeksperyment |
|
| 650 | 9 |
_aRachunek prawdopodobieństwa _xstosowanie |
|
| 830 | _aMonografie ; | ||
| 040 | _cBPK | ||
| 041 | 0 | _apol | |
| 080 | _a519.2 | ||
| 942 | _cKS | ||
| 008 | s pl f |000 0 pol | ||
| 999 |
_c35515 _d35515 |
||
| 856 |
_uhttp://koha.tu.koszalin.pl/cgi-bin/koha/opac-detail.pl?biblionumber=35515 _yKatalog online BPK |
||